LEADER 03165nam 2200613Ia 450 001 9910456660603321 005 20200520144314.0 010 $a1-283-17426-X 010 $a9786613174260 010 $a90-272-8332-X 035 $a(CKB)2550000000040644 035 $a(EBL)731656 035 $a(OCoLC)741492874 035 $a(SSID)ssj0000943366 035 $a(PQKBManifestationID)11502968 035 $a(PQKBTitleCode)TC0000943366 035 $a(PQKBWorkID)10976968 035 $a(PQKB)10609122 035 $a(MiAaPQ)EBC731656 035 $a(Au-PeEL)EBL731656 035 $a(CaPaEBR)ebr10484078 035 $a(CaONFJC)MIL317426 035 $a(EXLCZ)992550000000040644 100 $a19900126d1990 uy 0 101 0 $aeng 135 $aur|n|---||||| 181 $ctxt 182 $cc 183 $acr 200 10$aUtterance particles in Cantonese conversation$b[electronic resource] /$fKang Kwong Luke 210 $aAmsterdam ;$aPhiladelphia $cJ. Benjamins Pub. Co.$d1990 215 $a1 online resource (345 p.) 225 1 $aPragmatics & beyond,$x0922-842X ;$vnew ser. 9 300 $aDescription based upon print version of record. 311 $a90-272-5019-7 320 $aIncludes bibliographical references (p. [305]-324) and index. 327 $aUTTERANCE PARTICLES IN CANTONESE CONVERSATION; Editorial page; Title page; Copyright page; Dedication; Table of contents; Acknowledgements; Transcriptionand Glossing Conventions; Romanization Conventions; CHAPTER 1. INTRODUCTION : UTTERANCE PARTICLES IN CANTONESE; CHAPTER 2. CONVERSATION AND CONVERSATION ANALYSIS; CHAPTER 3. The Establishment of Common Ground in Conversation: the Utterance Particle LA; CHAPTER 4. THE ACCOMPLISHMENT OF ENDINGS IN CONVERSATION: THE UTTERANCE PARTICLE LO; CHAPTER 5. EXPECTATION AND NOTEWORTHINESS: THE UTTERANCE PARTICLE WO 327 $aCHAPTER 6. UTTERANCE PARTICLES AS CONVERSATIONAL OBJECTSCHAPTER 7. TOWARDS A SOCIALLY CONSTITUTED LINGUISTICS; NOTES; BIBLIOGRAPHY; SUBJECT INDEX 330 $aUtterance particles, also known as modal particles or sentence-final particles, form a class of words in Cantonese which is of great descriptive and theoretical interest to students of language. Most utterance particles do not have any semantic content (truth-conditional meaning), and few can be said to have a consistent grammatical function. They are notorious for being extremely resistant to conventional syntactic and semantic analysis. The aim of this book is to seek a better understanding of utterance particles by concentrating analytical attention on three of them; namely, LA (la55), LO ( 410 0$aPragmatics & beyond ;$vnew ser. 9. 606 $aCantonese dialects$xParticles 606 $aChinese language$xDialects 608 $aElectronic books. 615 0$aCantonese dialects$xParticles. 615 0$aChinese language$xDialects. 676 $a495.1/7 700 $aLuke$b Kang Kwong$0876266 801 0$bMiAaPQ 801 1$bMiAaPQ 801 2$bMiAaPQ 906 $aBOOK 912 $a9910456660603321 996 $aUtterance particles in Cantonese conversation$91956896 997 $aUNINA LEADER 01655nam0 22003253i 450 001 CFI0010663 005 20251003044107.0 100 $a19860319d1983 ||||0itac50 ba 101 | $aita 102 $ait 181 1$6z01$ai $bxxxe 182 1$6z01$an 200 1 $aˆLa ‰nuova disciplina delle scuole a fini speciali e di specializzazione, dei corsi di perfezionamento e degli osservatori$fVincenzo Giuffrè, Luigi Labruna 210 $aNapoli$cEdizioni scientifiche italiane$d1983 215 $aXVI, 334 p.$d23 cm. 606 $aSCUOLE DI AVVIAMENTO PROFESSIONALE$xLegislazione$2FIR$3NAPC098303$9I 606 $aSCUOLE DI AVVIAMENTO PROFESSIONALE$xLegislazione$2FIR$3NAPC098303$9I 676 $a344.45074$9DIRITTO IN MATERIA DI ISTRUZIONE SECONDO IL LIVELLO. ITALIA$v21 700 1$aGiuffrè$b, Vincenzo$3CFIV002900$4070$0352913 701 1$aLabruna$b, Luigi$3CFIV006622$4070$03336 790 1$aLabruna$b, Gino$3BVEV239196$zLabruna, Luigi 801 3$aIT$bIT-000000$c19860319 850 $aIT-BN0095 $aIT-NA0079 $aIT-BN0015 901 $bNAP 01$cD $n$ 901 $bNAP BN$cC $nComprende volumi con collocazioni per formato catalogati prima del 1987. La consegna del doc. é effettuata dall'Uff. Distribuzione. 912 $aCFI0010663 950 0$aBiblioteca Centralizzata di Ateneo$c1 v.$d 01D (AR) 1 334$e 01AR 0070013345 VMA 1 v.$fY $h20120924$i20120924 977 $a 01$a BN$a PB 996 $aNuova disciplina delle scuole a fini speciali e di specializzazione, dei corsi di perfezionamento e degli osservatori$961710 997 $aUNISANNIO